Score 0/20 Timer 05:00
2 Plays Today
% Correct
Cinderella
95.8%
Cars
94.8%
Charlie and the Chocolate Factory
93.4%
Charlie's Angels
86.9%
Catch Me If You Can
84.1%
Chicago
83.3%
Captain America: The First Avenger
80.7%
Casablanca
76.1%
Caddyshack
72.5%
A Christmas Carol
72.3%
% Correct
Cool Runnings
69.6%
A Clockwork Orange
67.6%
Cats & Dogs
65.3%
Con Air
60.4%
Cabin in the Woods
56.9%
Casino Royale
44.4%
Cloverfield
44.2%
Chariots of Fire
37%
Cool Hand Luke
35.7%
Clash of the Titans
16.4%
Remove Ads.
Support Sporcle.
Get the best of Sporcle when you Go Orange. This ad-free experience offers more features, more stats, and more fun while also helping to support Sporcle. Thank you for becoming a member.

You're not logged in!

Compare scores with friends on all Sporcle quizzes.
OR
Log In

Show Comments

Extras

Top Quizzes Today


Score Distribution

Your Account Isn't Verified!

In order to create a playlist on Sporcle, you need to verify the email address you used during registration. Go to your Sporcle Settings to finish the process.

Report this User

Report this user for behavior that violates our Community Guidelines.

Details: